[Event "Olympiad-30"]
[Site "Manila"]
[Date "1992.06.18"]
[Round "10.2"]
[White "Arlandi, Ennio"]
[Black "Speelman, Jonathan S"]
[Result "0-1"]
[WhiteElo "2420"]
[BlackElo "2630"]
[Annotator "Speelman,J"]
[PlyCount "110"]
[EventDate "1992.06.08"]
[EventType "team-swiss"]
[EventRounds "14"]
[EventCountry "PHI"]
[SourceTitle "CBM 030"]
[Source "ChessBase"]
[SourceDate "1992.10.01"]
[SourceVersion "1"]
[SourceVersionDate "1992.10.01"]
[SourceQuality "1"]
[WhiteTeam "Italy"]
[BlackTeam "England"]
[WhiteTeamCountry "ITA"]
[BlackTeamCountry "ENG"]

1. d4 d6 2. Nf3 g6 3. c4 Bg7 4. e4 Bg4 5. Be2 Nc6 6. Be3 (6. Nbd2) 6... e5 7.
d5 Bxf3 8. Bxf3 Nd4 9. O-O Ne7 (9... c5 10. dxc6 bxc6 11. Bxd4 exd4 12. e5 Ne7
13. exd6 Qxd6 $10) 10. Nc3 c5 11. Bxd4 $6 cxd4 $1 12. Ne2 $6 (12. Na4 b6 13. b4
$10) 12... O-O 13. b4 $6 Qc7 $1 {xc4,b4} 14. Qb3 Bh6 (14... Rfc8 15. Rac1 Bh6
16. Rc2) 15. Rab1 Rac8 (15... Rfc8 16. Bg4 f5 17. exf5 gxf5 18. Qh3 $1) 16. c5
dxc5 17. bxc5 Qxc5 18. Qxb7 d3 19. Ng3 d2 20. Rfd1 Qa3 21. Nf1 Rc2 $1 (21...
Rc1 $2 22. Nxd2 Bxd2 23. Rbxc1 Bxc1 24. d6) 22. Qb3 (22. Rb3 Qxa2 23. Rd3 Qc4)
22... Qxb3 23. Rxb3 Nc8 $1 24. Rd3 Nd6 $17 (24... Rxa2 $2 25. d6) 25. Nxd2 Rxa2
(25... f5 $5 26. exf5 gxf5 27. Bh5 e4 (27... Kg7 $17) 28. Rg3+) 26. Nf1 Rc8 (
26... f5 27. Re1) 27. Rb3 Kg7 $6 (27... Bg5 $1) 28. h4 $1 $8 {Time trouble} Kf6
$2 29. Nh2 $1 Ke7 30. Ng4 Bg7 31. Ne3 h5 32. Rbb1 $1 Rc3 33. Ra1 $15 Raa3 34.
Rxa3 Rxa3 35. Rc1 Ra4 $15 36. Bd1 Rxe4 37. Rc7+ Kf6 $1 (37... Kd8 38. Rxa7 Rxh4
39. Ba4 Bf8 40. Bc6 $1) 38. g4 Bf8 $8 39. Rxa7 hxg4 40. Nxg4+ Kg7 41. Bf3 Re1+
42. Kh2 e4 43. Bg2 Nf5 44. Kh3 Bd6 45. Ra6 $1 (45. Ra4 e3) 45... Re2 46. Ra4 e3
47. Re4 Rd2 48. Nxe3 Rxf2 49. Nxf5+ Rxf5 50. Re3 (50. Re2) 50... Rf2 $17 51.
Rf3 Re2 52. Rf1 Be5 53. h5 $5 (53. Rf3 f6 54. Rd3 Bd6 55. Rf3 Rd2 56. Rb3 Kh6
57. Rf3 f5 $17) 53... gxh5 54. Rf5 $2 {[#]} (54. Rf3 {x isolated pawns f7,h5})
54... Kg6 55. Rxh5 $2 f5 $1 0-1

[Event "BIH-chT"]
[Site "Neum"]
[Date "2004.06.05"]
[Round "8.5"]
[White "Blagojevic, Dragisa"]
[Black "Basagic, Zlatko"]
[Result "0-1"]
[WhiteElo "2514"]
[BlackElo "2369"]
[Annotator "Stohl,I"]
[PlyCount "84"]
[EventDate "2004.05.29"]
[EventType "team"]
[EventRounds "9"]
[EventCountry "BIH"]
[SourceTitle "CBM 102"]
[Source "ChessBase"]
[SourceDate "2004.09.23"]
[SourceVersion "1"]
[SourceVersionDate "2004.09.23"]
[SourceQuality "1"]
[WhiteTeam "Kiseljak"]
[BlackTeam "Sarajevo Zeljeznicar"]
[WhiteTeamCountry "BIH"]
[BlackTeamCountry "BIH"]

1. d4 g6 2. c4 Bg7 3. Nf3 e6 {This game is certainly no model of great opening
play, the excitement will come later. Black's so called Hippo set-up gives
White a free hand in the [+], but it's a specialty of Basagic.} 4. g3 (4. e4
$142 {[+]} Ne7 5. Nc3 O-O 6. Bf4 $6 d6 7. Be2 Nd7 8. Qd2 Re8 9. O-O b6 10. h3
Bb7 11. d5 Bxc3 $1 12. bxc3 e5 13. Be3 f6 14. h4 Nc5 15. Qc2 Bc8 16. Nd2 g5 $5
17. hxg5 Ng6 18. gxf6 Qxf6 19. Nb3 Kh8 20. Bh5 Rg8 $44 {Jelen,I-Basagic,Z/
SLO-ch Dobrna/2002/}) 4... Ne7 5. Bg2 O-O 6. O-O d6 {Black still refuses to
exert any influence in the [+].} ({More natural was} 6... d5 7. Qc2 b6 (7...
Nbc6 $5 $132) 8. Rd1 Bb7 9. cxd5 exd5 10. Nc3 Na6 11. b3 Re8 12. Bb2 Nb4 13.
Qd2 a5 14. a3 Na6 15. e3 Nf5 16. Ne2 c6 17. Nf4 Nc7 18. Qc2 Nb5 19. Ne5 Rc8 20.
Nfd3 Nbd6 21. Rac1 $14 {1-0 Stohl,I-Jirovsky,M/Presov 1999/CBM 73 (45)}) 7. Nc3
Nd7 8. b3 (8. e4 $142) 8... a6 9. Bb2 Rb8 10. e3 (10. e4 $1) 10... b6 11. Qe2
Bb7 12. Rad1 c6 (12... c5 $5 $14) 13. e4 Qc7 14. Rfe1 c5 15. d5 e5 16. a4 Bc8
17. Bh3 h6 18. Nh4 Nf6 19. Bxc8 Qxc8 20. Kg2 (20. Ng2 Qh3 21. f3 Nh7 $132)
20... g5 $6 (20... Nh7 $13 {is less committal.}) 21. Nf3 Ng6 22. Nd2 (22. h3 g4
23. hxg4 Qxg4 24. Kh2 h5 $11) 22... g4 23. Nf1 $1 (23. f3 h5 24. Rf1 h4 $13)
23... Nh5 $5 {[%cal Rh5f4] /\Nhf4} 24. Kg1 {[%cal Rf1e3] /\Ne3 Now White
already threatens Ne3, so Black more or less must go for it...} Nhf4 {[%mdl
512] A very brave sacrifice for purely positional considerations. While
objectively it's incorrect, in a practical game White faces tough decisions
before he can manage to consolidate his position and start working on
converting the extra piece. In our game fortune favours the brave, Blagojevic
commits quite a few mistakes and finally goes down.} (24... f5 $6 25. exf5 Qxf5
26. Ne3 $16) 25. gxf4 {White must accept the challenge, otherwise he has
nothing at all:} (25. Qc2 Nh3+ 26. Kg2 Ng5 $5 (26... f5 27. Ne3 $13) 27. Ne3
Nf3 $13 {/~~}) 25... exf4 26. h3 $5 {White's K becomes more vulnerable, but
this goes for the black K as well.} (26. Kh1 $5) (26. f3 h5 (26... Bd4+ 27. Kh1
(27. Rxd4 cxd4 28. Nd1 Nh4 $1 $13) 27... h5 (27... Ne5 28. fxg4 f3 29. Qd2 Nxg4
30. Ne3 $16) 28. Rxd4 cxd4 29. Na2 $1 $16) 27. Kh1 $16) 26... Ne5 27. Nh2 (27.
hxg4 $6 f3 28. Qc2 Qxg4+ 29. Ng3 Qh3 $19) 27... h5 28. hxg4 {But why open the
h-file?} (28. Nb1 $1 {returns some material to calm down the position:} f3 (
28... g3 29. fxg3 fxg3 30. Bxe5 Bxe5 31. Qg2 $18) (28... Nf3+ 29. Nxf3 gxf3 30.
Qxf3 Bxb2 31. Qxh5 $18) 29. Qe3 $16) 28... hxg4 29. f3 $6 {This is perhaps
still good, but certainly quite risky, as baring the K even more will cause
White a lot of trouble.} (29. Kh1 $1 {still seems safer:} g3 (29... Qd8 30. Bc1
f3 (30... g3 31. fxg3 fxg3 32. Nf1 Ng6 33. Rd3 $1 $18) 31. Qe3 Qh4 32. Rg1 {
[%cal Re3g5] /\Qg5}) 30. fxg3 fxg3 31. Nf1 Qh3+ 32. Kg1 f5 $5 33. Qg2 Qxg2+ 34.
Kxg2 f4 35. Nb1 $16) (29. Nb1 $5 {was also possible, although after} f3 {
Black due to the open <->h has some extra tactical chances compared to 28.Nb1
above.}) 29... gxf3 30. Qf1 (30. Nxf3 $2 Qg4+ $19) (30. Qf2 Qh3 31. Rf1 Ng4 32.
Nxg4 Bd4 33. Rxd4 (33. Nf6+ $4 Kh8 34. Rxd4 Rg8+ $19) 33... Qxg4+ 34. Kh1 Qh3+
$11) 30... Bf6 {On the other hand Black is very patient and gradually brings
all his pieces to the >>.} 31. Kh1 $2 (31. Rd2 $142 {[%cal Rh2f3] /\Nf3} Kh7 (
31... Bh4 $6 32. Nxf3 $1 Bxe1 (32... Nxf3+ 33. Qxf3 Bxe1 34. Rg2+ Bg3 35. Qxf4
$18) 33. Nxe1 $18) 32. Nd1 $5 $16 (32. Kh1 $16)) 31... Kg7 $1 $44 {Now finally
the -> is already objectively very dangerous, as getting rid of the Pf3 is not
easy.} 32. Nb1 {Misplaces the N, now White's extra piece won't be felt in the
defence.} (32. Qg1+ $142 $5 Kh7 33. Qf1 (33. Bc1 Rg8 $40) 33... Rg8 $5 $44 {/\}
(33... Rh8 34. Bc1 $5 (34. Nxf3 $2 Kg6+ 35. Nh2 Rxh2+ $1 36. Kxh2 Qg4 37. Rd3
f3 $19)) (33... Kg7 $11) 34. Nxf3 Nxf3 35. Qxf3 Rg3 36. Qh5+ Kg7 37. Rg1 Qh8
38. Rxg3+ fxg3 39. Qxh8+ Rxh8+ 40. Kg1 Rh2 $36) (32. Nxf3 $2 Rh8+ 33. Nh2 Rxh2+
34. Kxh2 Qg4 $19) 32... Rh8 33. Bxe5 Bxe5 34. Qxf3 (34. Nd2 $2 Rxh2+ $1 35.
Kxh2 Qg4 36. Qh3 $8 Rh8 37. Qxh8+ Kxh8 $19) (34. Rd2 Qg4 (34... Rh3 $5 $40) 35.
Qg1 Qg3 36. Rf1 Bd4 37. Rxd4 cxd4 $36) 34... Rh3 35. Qg2+ $2 ({Necessary,
although still unpleasant for White was} 35. Rg1+ $142 Kf8 $1 (35... Kf6 $6 36.
Qg2 Rg3 37. Qf2 Ke7 38. Nd2 $13 {consolidates}) 36. Qg4 Qxg4 37. Rxg4 f3 38.
Rd2 Ke7 39. Kg1 f2+ (39... b5 $5 $44) 40. Rxf2 Bd4 $36 {/-/+}) 35... Rg3 36.
Qf2 {White's position was already very tough and now it will be surely lost.} (
36. Qf1 $142 $8 {White wants the R to take part in the defence via the 2-nd
rank.} f3 $1 {[%cal Rg3h3,Rc8h3] /\Rh3,Qh3!} 37. Rd2 Qh3 (37... Qh8 $1 $40 {
with the idea of tripling on the h-file seems even more dangerous.}) 38. Qxh3
Rxh3 39. Rg1+ Kf6 (39... Bg3 40. Rxg3+ Rxg3 41. Rf2 $14) 40. Rf1 Rbh8 41. Rff2
Ke7 $17) 36... Qh3 37. Nd2 (37. Rg1 Rh8 {[%cal Rg7f8,Re5d4,Rf4f3] /\Kf8,Bd4,
f3->}) 37... Bd4 38. Qe2 $8 Rh8 39. Rf1 (39. Rg1 Kf8 $1 40. Rdf1 (40. Rg2 f3
41. Ndxf3 Rxf3 $19) 40... Bxg1 41. Rxg1 Rxg1+ 42. Kxg1 Qg3+ 43. Kh1 Rxh2+ 44.
Qxh2 Qe1+ 45. Qg1 Qxd2 46. Qg5 Qe1+ $19) 39... Re3 $19 40. Rg1+ (40. Qf2 f3 $1
{[%cal Rd4e5,Re3e2] /\Re2,Be5} 41. Ndxf3 Rxf3 42. Qg2+ Rg3 $1 $19) 40... Kf8
41. Qg2 Qh5 $1 42. e5 (42. Ndf3 Rxf3 $19) (42. Ndf1 Re2 $19) 42... Rg3 (42...
Rg3 43. Rdf1 Bxg1 $19) 0-1

[Event "Vienna"]
[Site "Vienna"]
[Date "1991.??.??"]
[Round "1"]
[White "Epishin, Vladimir"]
[Black "Mokry, Karel"]
[Result "0-1"]
[WhiteElo "2615"]
[BlackElo "2525"]
[Annotator "Stohl,I"]
[PlyCount "86"]
[EventDate "1991.10.??"]
[EventType "tourn"]
[EventRounds "9"]
[EventCountry "AUT"]
[EventCategory "12"]
[SourceTitle "CBM 026"]
[Source "ChessBase"]
[SourceDate "1992.02.01"]
[SourceVersion "1"]
[SourceVersionDate "1992.02.01"]
[SourceQuality "1"]

1. d4 d6 2. e4 (2. Nf3 Bg4 3. e4 Nf6 4. Nc3 e6 5. h3 Bh5 6. Qe2 a6 $5 7. g4 Bg6
8. h4 h5 9. g5 Nfd7 10. Bh3 b5 11. a3 Be7 12. Bf4 $6 Nb6 13. Bg3 c6 14. O-O O-O
15. Nd2 d5 16. exd5 cxd5 17. f4 Nc6 18. Nf3 Bd6 $1 19. Rad1 Ne7 $17 {Polgar,
Zsu-Anand,V,Amsterdam OHRA-B 1990-CBM 20}) 2... Nf6 3. Nc3 c6 4. Nf3 (4. f4
$142) 4... Bg4 5. h3 Bh5 6. Qe2 (6. Be2 e6 7. Be3 Be7 8. Nd2 Bxe2 9. Qxe2 O-O
10. h4 $5 Nbd7 11. h5 b5 12. Qf3 d5 13. Qg3 Kh8 14. e5 Ne8 15. Ne2 Rc8 16. c3
c5 17. O-O b4 $132 {Akopian,V-Malaniuk,V,Groningen op 1990-CBM 22}) 6... e6 7.
g4 (7. Bf4 Be7 (7... d5 $142 $5 $13) 8. g4 Bg6 9. Bg2 d5 10. exd5 Nxd5 (10...
cxd5 $5) 11. Nxd5 Qxd5 12. Nh4 Qa5+ (12... Qxd4 13. Be5 $16) 13. Bd2 Qa6 14.
Nxg6 Qxe2+ 15. Kxe2 hxg6 16. b4 Nd7 17. a4 $36 {Aleksandrov,A-Sakaev,K,URS-chJ
Kherson 1991-EXP 21}) 7... Bg6 8. Bg5 Be7 9. Bxf6 (9. O-O-O $2 Nxe4 $1 10. Nxe4
(10. Bxe7 Nxc3 $17) 10... Bxe4 11. Qxe4 (11. Bxe7 Bxf3 $17) 11... Bxg5+ 12. Kb1
d5 13. Qe5 Bf6 $17 {Ceschia,I-Mokry,K,Reggio mem Chicco 1991-CBM EXP 21}) (9.
Qe3 $5 $13) 9... Bxf6 10. h4 $5 {N} (10. O-O-O Nd7 11. Qe3 Qa5 12. Kb1 O-O-O
13. h4 h6 $1 (13... h5 14. g5 Be7 15. Bh3 $36) 14. Bd3 c5 $1 15. Nb5 cxd4 16.
Nxd6+ Kb8 $15 {()^^,Tukmakov,V-Gulko,B,Moscow GMA Final 1990-TD 90_03}) 10...
h5 (10... h6 $5 $13) 11. g5 Be7 12. O-O-O Nd7 13. Bh3 $36 {/\d5->} d5 (13...
O-O 14. Nd2 d5 15. Nf1 $5 dxe4 16. Ng3 $40 {><h5}) 14. Ne5 (14. exd5 cxd5 15.
Rhe1 Rc8 $132) (14. Rhe1 dxe4 15. Nxe4 Qa5 16. Kb1 O-O-O $10) 14... Nxe5 15.
dxe5 Qa5 16. exd5 cxd5 17. f4 (17. Kb1 Bb4 18. Nb5 Rc8 $36) 17... O-O (17...
Bb4 $5 18. f5 $5 (18. Qb5+ Qxb5 19. Nxb5 Rc8 20. c3 Be4 $15) 18... Bxf5 19.
Bxf5 Bxc3 20. Bd3 Bb4 21. g6 $146) 18. f5 exf5 $8 (18... Bxf5 19. Bxf5 exf5 20.
Nxd5 Rfe8 21. Qxh5 $18) 19. Rxd5 (19. Nxd5 $142 Rfe8 $13 {/\Qa2,Bd6}) 19... Qb4
20. Bg2 Rfe8 {><e5,h4} 21. Kb1 (21. Rd7 Qf4+ 22. Kb1 Bc5 $36) 21... Bf8 $15 22.
Qf2 a6 (22... Rac8 $2 23. Rb5 $16) 23. Rhd1 (23. Rd7 Bc5 $36) 23... Rac8 24.
Ne2 $6 (24. a3 Bc5 $1 25. Qe1 (25. axb4 Bxf2 26. Rh1 Rc4 $17) 25... Qg4 $36)
24... f4 $17 25. R1d2 (25. Nd4 Bc5 $17) (25. R5d2 $142 $17) 25... Rxe5 $1 $19
26. Nc3 (26. Nxf4 Bxc2+ $1 27. Rxc2 Re1+ $19) (26. Rxe5 Qxd2 $19) 26... Bc5 27.
a3 (27. Qf1 Rxd5 28. Bxd5 Be3 $19) 27... Bxf2 28. axb4 Re1+ 29. Ka2 Bxh4 30.
Ra5 (30. Rd7 Bxg5 31. Bxb7 Rce8 32. Bxa6 f3 $19) 30... Rc7 31. Rc5 Rxc5 32.
bxc5 Re5 33. b4 (33. Bxb7 Rxc5 34. Bxa6 $2 Ra5+ $19) 33... f3 $1 34. Bxf3 Re3
35. Bxb7 Rxc3 36. Kb2 Re3 37. c6 Bg3 38. Bxa6 h4 39. b5 Bc7 40. Rd7 Be5+ 41.
Ka2 h3 42. b6 h2 43. Rd1 (43. c7 h1=Q 44. c8=Q+ Kh7 $19 {/\Qa1#}) 43... Rc3 (
43... Rc3 44. c7 Bxc7 45. bxc7 Rxc7 46. Rh1 Rxc2+ 47. Kb3 Be4 $19 {[Stohl,I]})
0-1

[Event "Berliner Sommer 07th"]
[Site "Berlin West"]
[Date "1989.08.12"]
[Round "1"]
[White "Ballon, Guenther Jan"]
[Black "Hickl, Joerg"]
[Result "0-1"]
[WhiteElo "2300"]
[BlackElo "2500"]
[Annotator "Teschner,R"]
[PlyCount "54"]
[EventDate "1989.08.12"]
[EventType "swiss"]
[EventRounds "9"]
[EventCountry "GER"]
[SourceTitle "EXT 2013"]
[Source "ChessBase"]
[SourceDate "2012.11.22"]
[SourceVersion "1"]
[SourceVersionDate "2012.11.22"]
[SourceQuality "1"]

{Schach-Report 10/1989 Seiten 34-35} 1. d4 d6 2. c4 e5 3. dxe5 dxe5 4. Qxd8+
Kxd8 5. Nc3 Be6 6. e4 Nd7 7. Be3 Ngf6 8. f3 c6 9. O-O-O Kc7 10. g3 a6 11. b3 b5
12. Bh3 Bc5 $1 13. Bxc5 Nxc5 14. Bxe6 Nxe6 15. cxb5 axb5 16. Nge2 h5 17. Kb2
Rad8 18. h4 b4 19. Na4 g5 20. Kc2 Rxd1 21. Kxd1 (21. Rxd1 gxh4 22. gxh4 Rg8 23.
Rg1 $2 Nd4+ $1) 21... Rd8+ 22. Kc2 g4 $1 23. Rf1 Rd7 $1 24. Nb2 gxf3 25. Rxf3
Nxe4 26. Nc4 f6 27. Rf5 Nc3 $1 (27... Nc3 {So würde} 28. Rxf6 $2 ({und nach} 
28. Rf2 {(das einzige) erobert} Nxe2 29. Rxe2 Nd4+ {die Qualität.}) 28... Nxe2
29. Rxe6 Nd4+ {den Turm kosten,}) 0-1